| 000 | 00488nam a2200169 a 4500 | ||
|---|---|---|---|
| 001 | 2895 | ||
| 003 | CDMR | ||
| 005 | 20130515103207.0 | ||
| 008 | 130130s1988||||||||||||||||||||||||||||d | ||
| 020 | _a8486062160 | ||
| 040 |
_aCDMR _bcat _cCDMR |
||
| 100 | 1 |
_aSocias Bruguera, Josep Lluís _92129 |
|
| 245 | 1 | 0 |
_aMinuts de ràdio _b: viure la festa de cada día _cJosep Lluís Socías i Bruguera |
| 260 |
_aBarcelona _c1988 _bEdimurtra |
||
| 650 | 0 | 4 |
_91724 _aRàdio _xProgramació |
| 942 |
_cMON _2udc |
||
| 999 |
_c2895 _d2895 |
||